Compressive and Tensile Strength of Concrete with Recycled Aggregates Marble Dust and Bamboo Fibers (Thesis ME) (Record no. 69072)

MARC details
000 -LEADER
fixed length control field 00441nam a22001217a 4500
100 ## - MAIN ENTRY--AUTHOR NAME
Personal name Raja Danish Ali
-- 22-MCE-03
-- Supervisor - Prof.Dr. Bashir Ahmed Memon
245 ## - TITLE STATEMENT
Title Compressive and Tensile Strength of Concrete with Recycled Aggregates Marble Dust and Bamboo Fibers (Thesis ME)
260 ## - PUBLICATION, DISTRIBUTION, ETC. (IMPRINT)
Place of publication Nawabshah
Name of publisher QUEST
Year of publication 2025
300 ## - PHYSICAL DESCRIPTION
Number of Pages 91p.
700 ## - ADDED ENTRY--PERSONAL NAME
Personal name Department of Civil Engineering
942 ## - ADDED ENTRY ELEMENTS (KOHA)
Koha item type Thesis and Dissertation
Holdings
Withdrawn status Lost status Home library Current library Date acquired Accession Number Koha item type
    Research Section Research Section 29/06/2026 MP/102-1522 Thesis and Dissertation
    Research Section Research Section 29/06/2026 MP/102-1523 Thesis and Dissertation